000 00718nam a2200289Ia 4500
005 20260324112311.0
008 008 260324s9999 xx 000 0 eng d
020 _a9781003393009
037 _aEBOOK
040 _aCRL
040 _beng
040 _cCRL
041 _2eng
041 _aeng
084 _qCRL
100 _aMark D. Janzen
_91142120
245 4 _aThe Iconography of Humiliation in New Kingdom Egypt
245 4 _bThe Depiction and Treatment of Bound Foreigners
260 _bTaylor and Francis
260 _c2024
365 _a
365 _b220
856 _uhttp://www.taylorfrancis.com/books/9781003393009
942 _cEBOOK
999 _c1731273
_d1731273